<?xml version="1.0" encoding="UTF-8"?>
<record
    xmlns:xsi="http://www.w3.org/2001/XMLSchema-instance"
    xsi:schemaLocation="http://www.loc.gov/MARC21/slim http://www.loc.gov/standards/marcxml/schema/MARC21slim.xsd"
    xmlns="http://www.loc.gov/MARC21/slim">

  <leader>01009nam a2200265 a 4500</leader>
  <controlfield tag="001">BRCA_8066</controlfield>
  <controlfield tag="005">20190320210122.0</controlfield>
  <controlfield tag="008">020414s1893----fr-####f##---#001-0#fre-#</controlfield>
  <datafield tag="041" ind1=" " ind2=" ">
    <subfield code="a">fre</subfield>
  </datafield>
  <datafield tag="044" ind1=" " ind2=" ">
    <subfield code="a">fr</subfield>
  </datafield>
  <datafield tag="050" ind1=" " ind2="4">
    <subfield code="a">NK550</subfield>
    <subfield code="b">.S65 1893</subfield>
  </datafield>
  <datafield tag="100" ind1="1" ind2=" ">
    <subfield code="a">Spitzer, Fr&#xE8;deric</subfield>
    <subfield code="d">1815-1890</subfield>
    <subfield code="9">20044</subfield>
  </datafield>
  <datafield tag="245" ind1="1" ind2="0">
    <subfield code="a">Catalogue des objets d&#x2019;art et de haute curiosit&#xE9; antiques</subfield>
    <subfield code="b">du moyen-a^ge &amp; de la renaissance, composant l&#x2019;importante et pre&#xEC;cieuse Collection Spitzer, dont la vente publique aura lieu a&#xCC; Paris</subfield>
    <subfield code="c">Fr&#xE8;deric Spitzer. Commissaire-priseur Paul Chevallier.</subfield>
  </datafield>
  <datafield tag="260" ind1=" " ind2=" ">
    <subfield code="a">Par&#xED;s</subfield>
    <subfield code="b">E. Menard et Cie.</subfield>
    <subfield code="c">1893</subfield>
  </datafield>
  <datafield tag="300" ind1=" " ind2=" ">
    <subfield code="a">2 v.</subfield>
    <subfield code="c">40 cm.</subfield>
  </datafield>
  <datafield tag="440" ind1=" " ind2="0">
    <subfield code="a">Collection Spitzer</subfield>
    <subfield code="9">20045</subfield>
  </datafield>
  <datafield tag="500" ind1=" " ind2=" ">
    <subfield code="a">Y83</subfield>
  </datafield>
  <datafield tag="650" ind1="1" ind2="4">
    <subfield code="a">Artes decorativas</subfield>
    <subfield code="v">Cat&#xE1;logos</subfield>
    <subfield code="9">14086</subfield>
  </datafield>
  <datafield tag="650" ind1="1" ind2="4">
    <subfield code="a">Artes decorativas</subfield>
    <subfield code="v">Edad Media</subfield>
    <subfield code="9">20046</subfield>
  </datafield>
  <datafield tag="650" ind1="1" ind2="4">
    <subfield code="a">Artes decorativas</subfield>
    <subfield code="v">Renacimiento</subfield>
    <subfield code="9">20047</subfield>
  </datafield>
  <datafield tag="650" ind1="1" ind2="4">
    <subfield code="a">Artes decorativas</subfield>
    <subfield code="v">Coleccionistas y colecciones</subfield>
    <subfield code="9">20048</subfield>
  </datafield>
  <datafield tag="700" ind1="1" ind2=" ">
    <subfield code="a">Chevallier, Paul</subfield>
    <subfield code="9">20049</subfield>
  </datafield>
  <datafield tag="902" ind1=" " ind2=" ">
    <subfield code="a">GFM</subfield>
  </datafield>
  <datafield tag="942" ind1=" " ind2=" ">
    <subfield code="2">lcc</subfield>
    <subfield code="c">B</subfield>
  </datafield>
  <datafield tag="999" ind1=" " ind2=" ">
    <subfield code="c">7734</subfield>
    <subfield code="d">7734</subfield>
  </datafield>
  <datafield tag="952" ind1=" " ind2=" ">
    <subfield code="0">0</subfield>
    <subfield code="1">0</subfield>
    <subfield code="4">0</subfield>
    <subfield code="7">0</subfield>
    <subfield code="a">BRCA</subfield>
    <subfield code="b">BRCA</subfield>
    <subfield code="d">2014-04-02</subfield>
    <subfield code="i">Y83</subfield>
    <subfield code="l">0</subfield>
    <subfield code="o">NK550 .S65 1893 (Y83)</subfield>
    <subfield code="p">8690</subfield>
    <subfield code="r">2019-03-22 00:00:00</subfield>
    <subfield code="w">2019-03-22</subfield>
    <subfield code="y">B</subfield>
  </datafield>
</record>
